| 000 | 00524caa a22001812a 4500 | ||
|---|---|---|---|
| 001 | 000922 | ||
| 003 | AR-FADEU | ||
| 008 | 311216n############xxu####################dd | ||
| 092 | _aPP(320)SOC | ||
| 100 | _aSidicaro, Ricardo | ||
| 245 | _bConsideraciones sociológicas (en lave clásica) sobre la relación Estado-empresarios en América Latina en la década del 80 y tempranos 90 | ||
| 245 | _aSociedad | ||
| 300 | _a39-60 | ||
| 440 | _n6 | ||
| 260 | _cabr. 1995 | ||
| 650 | _aESTADO-LATINOAMERICA | ||
| 942 | _cPPGR | ||
| 999 |
_c3700 _d3700 |
||